000 00412nam a2200157 4500
001 123355
003 ES-MaACL
005 20230906192145.0
007 t|
008 070214n19001980fr r ||||1| fre d
100 0 _aRachilde (
_d1860-1953)
_994880
245 1 3 _aLa haine amoureuse
_b: roman /
_cRachilde.
260 _aLagny :
_bE. Grevin,
_c[19__?]
300 _a285 p. ;
_c9 cm.
852 _aES-MaACL
_jF-2515
999 _c123355
_d123355